000 00539nam a2200169 i 4500
001 bg
100 1 _aARCZEWSKI, Krzysztof
245 0 _aMetody strukturalne badania dynamiki złożonych układów mechanicznych /
_cK.Arczewski.
260 _aWarszawa,
_c1988.
490 1 _aPrace Naukowe / Politechnika Warszawska. Mechanika ;
_vz.115
830 0 _aPrace Naukowe (Politechnika Warszawska).
_pMechanika ;
_vz.115
040 _cBPK
041 _apol
080 _a621.01:519.1
942 _cKS
008 s pl f |000 0 pol
999 _c28829
_d28829
856 _uhttp://koha.tu.koszalin.pl/cgi-bin/koha/opac-detail.pl?biblionumber=28829
_yKatalog online BPK